000 00672nam a22001937a 4500
005 20140313122509.0
010 _aB-505454-459
020 _a9780670086160
_c499.00
035 _aB-505454-459
037 _adpl
_bKKP/Ven
082 _a361.3092
100 _aBeteille, Andre
245 _aSunlight on the Garden:
_ba story of childhood & Youth/
_cby Andre Beteille
260 _aNew Delhi
_bPenguin Group
_c2012
270 _a11 Community Centre, Panchsheel Park
_bNew Delhi
_e110017
300 _a293p.:
_c21cm(Hb)
942 _2ddc
_cEN
_h361.3092
_mBET
999 _c83000
_d83000